000
00319nam a2200133Ia 4500
005
20251222144851.0
008
251222s9999||||xx |||||||||||||| ||spa||
082
_a
001.42/A59T
100
_a
Ander-Egg, Ezequiel
245
0
_a
Técnicas de Investigación Social
250
_a
14a.ed.
264
_b
El Cid
942
_c
LIB
999
_c
21603
_d
21603